01947nam a2200541 i 450000100060000000300090000600500170001500800410003201500190007302000150009203500230010703500220013003500170015203500230016903500440019204000440023604500100028004600090029008000240029908000230032308000190034610000440036524501320040924600560054125000540059726000470065130000350069833600270073333700540076033800280081438000160084238000270085838500390088538800140092438800140093849000280095250400800098064800190106064800190107965000420109865000330114065100160117365500220118965800370121171000310124883000280127985600980130745006KOSZ 00520240405063147.0000303s1999 pl f f |001 0 pol c aUWD 2022/17581 a8371100930 a194204-48omnis_uja a(UJ)vtls000194204 azz2004864483 a(PL)b0000010071019 a(EXLNZ-48OMNIS_NETWORK)9910941676505606 aKR U/16MScKR U/16MSdWA NdKOSZ 005/HR0 bd1999 k1998 81.1\xa352/353(438) 81.2\xa342.25(438) 81.3\xa(075.8)1 aLeoński, Zbigniewd(1929-2006)eAutor10aSamorząd terytorialny w RP /cprof. zw. dr hab. nauk prawnych Zbigniew Leoński (Uniwersytet im. A. Mickiewicza w Poznaniu).3 aSamorząd terytorialny w Rzeczypospolitej Polskiej a2 wydanie, stan prawny na koniec sierpnia 1999 r. aWarszawa :bWydawnictwo C. H. Beck,c1999. aXIV, 184, [1] strona ;c21 cm. aTekstbtxt2rdacontent aBez urządzenia pośredniczącegobn2rdamedia aWoluminbnc2rdacarrier aKsiążki aPublikacje dydaktyczne mPoziom nauczaniaaSzkoły wyższe1 a1901-20001 a1989-20001 aPodręczniki Prawnicze aBibliografia na stronach XIII-XIV i bibliografie przy rozdziałach. Indeks. 7a1901-20002DBN 7a1989-20002DBN 7aPrawo samorządu terytorialnego2DBN 7aSamorząd terytorialny2DBN 7aPolska2DBN 7aPodręcznik2DBN aPrawo i wymiar sprawiedliwości2 aWydawnictwo C.H. Beck4pbl 0aPodręczniki Prawnicze uhttp://koha.tu.koszalin.pl/cgi-bin/koha/opac-detail.pl?biblionumber=45006yKatalog online BPK